<?xml version="1.0" encoding="UTF-8"?>
<record
    xmlns:xsi="http://www.w3.org/2001/XMLSchema-instance"
    xsi:schemaLocation="http://www.loc.gov/MARC21/slim http://www.loc.gov/standards/marcxml/schema/MARC21slim.xsd"
    xmlns="http://www.loc.gov/MARC21/slim">

  <leader>03349nam a2200553Ia 4500</leader>
  <controlfield tag="001">6211</controlfield>
  <controlfield tag="008">241029s9999    xx            000 0 und d</controlfield>
  <datafield tag="010" ind1=" " ind2=" ">
    <subfield code="a">5849</subfield>
  </datafield>
  <datafield tag="041" ind1=" " ind2=" ">
    <subfield code="a">Espa&#xF1;ol</subfield>
  </datafield>
  <datafield tag="082" ind1=" " ind2=" ">
    <subfield code="a">TM CG 16-0002</subfield>
  </datafield>
  <datafield tag="245" ind1=" " ind2="0">
    <subfield code="a">An&#xE1;lisis del proceso de autoevaluaci&#xF3;n institucional en el Centro de Educaci&#xF3;n B&#xE1;sica Rep&#xFA;blica de Belice, del sector Los Trinitarios del Municipio Santo Domingo Este, a&#xF1;o escolar 2013-2014.</subfield>
  </datafield>
  <datafield tag="260" ind1=" " ind2=" ">
    <subfield code="a">Santo Domingo</subfield>
  </datafield>
  <datafield tag="300" ind1=" " ind2=" ">
    <subfield code="a">119</subfield>
  </datafield>
  <datafield tag="520" ind1=" " ind2=" ">
    <subfield code="a">67</subfield>
  </datafield>
  <datafield tag="630" ind1=" " ind2=" ">
    <subfield code="a">Autoevaluaci&#xF3;n Institucional</subfield>
  </datafield>
  <datafield tag="630" ind1=" " ind2=" ">
    <subfield code="a">Centros Educativos</subfield>
  </datafield>
  <datafield tag="630" ind1=" " ind2=" ">
    <subfield code="a">Mejora Continua</subfield>
  </datafield>
  <datafield tag="650" ind1=" " ind2=" ">
    <subfield code="a">Evaluaci&#xF3;n</subfield>
  </datafield>
  <datafield tag="690" ind1=" " ind2=" ">
    <subfield code="a">Copiado sin cambios</subfield>
  </datafield>
  <datafield tag="700" ind1=" " ind2=" ">
    <subfield code="e">asesor</subfield>
    <subfield code="a"> Viloria Santos, Juan Francisco</subfield>
  </datafield>
  <datafield tag="700" ind1=" " ind2=" ">
    <subfield code="e">autor</subfield>
    <subfield code="a"> Aracena N&#xFA;&#xF1;ez , Yanery </subfield>
  </datafield>
  <datafield tag="700" ind1=" " ind2=" ">
    <subfield code="e">autor</subfield>
    <subfield code="a">Novas Novas , Sandra</subfield>
  </datafield>
  <datafield tag="901" ind1=" " ind2=" ">
    <subfield code="a">{"1":" Aracena N&#xFA;&#xF1;ez ","2":"Novas Novas "}</subfield>
    <subfield code="b">{"1":"Yanery ","2":"Sandra"}</subfield>
  </datafield>
  <datafield tag="902" ind1=" " ind2=" ">
    <subfield code="a">1</subfield>
  </datafield>
  <datafield tag="903" ind1=" " ind2=" ">
    <subfield code="a">{"1":" Viloria Santos"}</subfield>
    <subfield code="b">{"1":"Juan Francisco"}</subfield>
  </datafield>
  <datafield tag="904" ind1=" " ind2=" ">
    <subfield code="a">Mag&#xED;ster en</subfield>
  </datafield>
  <datafield tag="905" ind1=" " ind2=" ">
    <subfield code="a">Gesti&#xF3;n de Centros Educativos</subfield>
  </datafield>
  <datafield tag="906" ind1=" " ind2=" ">
    <subfield code="a">2</subfield>
  </datafield>
  <datafield tag="907" ind1=" " ind2=" ">
    <subfield code="a">NO APLICA</subfield>
  </datafield>
  <datafield tag="908" ind1=" " ind2=" ">
    <subfield code="a">NO APLICA</subfield>
  </datafield>
  <datafield tag="909" ind1=" " ind2=" ">
    <subfield code="a">ISFODOSU, Recinto F&#xE9;lix Evaristo Mej&#xED;a</subfield>
  </datafield>
  <datafield tag="910" ind1=" " ind2=" ">
    <subfield code="a">NULL</subfield>
    <subfield code="b">NULL</subfield>
  </datafield>
  <datafield tag="911" ind1=" " ind2=" ">
    <subfield code="a">["1"]</subfield>
  </datafield>
  <datafield tag="912" ind1=" " ind2=" ">
    <subfield code="a">NO APLICA</subfield>
  </datafield>
  <datafield tag="913" ind1=" " ind2=" ">
    <subfield code="a">NULL</subfield>
  </datafield>
  <datafield tag="914" ind1=" " ind2=" ">
    <subfield code="a">01 de Mayo de 2015</subfield>
  </datafield>
  <datafield tag="915" ind1=" " ind2=" ">
    <subfield code="a">08/11/19 10:11</subfield>
  </datafield>
  <datafield tag="916" ind1=" " ind2=" ">
    <subfield code="a">NULL</subfield>
  </datafield>
  <datafield tag="917" ind1=" " ind2=" ">
    <subfield code="a">NULL</subfield>
  </datafield>
  <datafield tag="918" ind1=" " ind2=" ">
    <subfield code="a">NO APLICA</subfield>
  </datafield>
  <datafield tag="919" ind1=" " ind2=" ">
    <subfield code="a">["26","33","208"]</subfield>
  </datafield>
  <datafield tag="520" ind1=" " ind2=" ">
    <subfield code="a">La investigaci&#xF3;n realizada tuvo como objetivo general, analizar el proceso de autoevaluaci&#xF3;n institucional llevado a cabo en el Centro Educativo Rep&#xFA;blica de Belice durante el a&#xF1;o escolar 2013-2014 y la repercusi&#xF3;n de &#xE9;ste en la mejora del proceso educativo del centro. En la misma se tomaron en cuenta variables que permitan describir dicho proceso: modelo de autoevaluaci&#xF3;n institucional desarrollado, los actores involucrados y su percepci&#xF3;n, las fases del desarrollo de la autoevaluaci&#xF3;n, as&#xED; como el uso de los resultados finales en la mejora continua. El estudio tuvo un enfoque mixto, cuantitativo m&#xE1;s que cualitativo. Se utilizaron las t&#xE9;cnicas de la encuesta y el an&#xE1;lisis documental; y como instrumento de recolecci&#xF3;n de datos, el cuestionario. La muestra intencional por conveniencia utilizada fue de 79 personas: 31 directivos, docentes, personal administrativo y de apoyo; 12 padres, madres y tutores; y 25 estudiantes. Las principales conclusiones de este trabajo, se&#xF1;alaron que la mayor&#xED;a de los actores consultados conoc&#xED;an el tipo de modelo de autoevaluaci&#xF3;n aplicado en el centro. En cuanto al nivel de su participaci&#xF3;n la mayor parte concluy&#xF3; en indicar que fue alta o muy alta. El proceso fue calificado por la mayor&#xED;a como organizado y democr&#xE1;tico. Los actores que afirmaron haber participado, se&#xF1;alaron no haber participado en todas las etapas del proceso. Los mismos, afirmaron conocer los resultados finales: directivos, docentes y personal de apoyo y administrativo (65.0%); padres, madres y tutores (100.0%); estudiantes (48.0%). Las &#xE1;reas que arrojaron necesidad de mejora fueron: la convivencia escolar positiva, el proyecto de centro, el uso de los recursos disponibles y la relaci&#xF3;n escuela- comunidad.</subfield>
  </datafield>
  <datafield tag="921" ind1=" " ind2=" ">
    <subfield code="a">63</subfield>
  </datafield>
  <datafield tag="922" ind1=" " ind2=" ">
    <subfield code="a">63</subfield>
  </datafield>
  <datafield tag="923" ind1=" " ind2=" ">
    <subfield code="a">1</subfield>
  </datafield>
  <datafield tag="924" ind1=" " ind2=" ">
    <subfield code="a">20191022003909</subfield>
  </datafield>
  <datafield tag="942" ind1=" " ind2=" ">
    <subfield code="c">Tesis</subfield>
  </datafield>
  <datafield tag="999" ind1=" " ind2=" ">
    <subfield code="c">5849</subfield>
    <subfield code="d">5849</subfield>
  </datafield>
</record>
